00230nam a2200109Ia 4500008004100000040000700041041001200048082000800060100001400068245002100082260001700103240703s9999||||xx |||||||||||||| ||und|| a33 aENGLISH bber abero bibi 4athe lucky prince bsterling pub